Contabilidade geral (Registo nº 200623)

Detalhes MARC
000 -Etiqueta do registo
Valores 00649nam 22001933 4500
010 ## - Número ISBN
ISBN 972-770-134-5
100 ## - Dados gerais de processamento
Dados gerais 20260219d u||y0pory50 ba
200 ## - Titulo e menção de responsabilidade
Título próprio Contabilidade geral
Informação de outro título o euro e as suas implicações técnicas no âmbito da contabilidade, a redenominação e a renominalização do capital social das empresas
Primeira menção de responsabilidade Manuel Alberto Gonçalves
205 ## - Menção da edição
Edição
210 ## - Publicação
Local de publicação Lisboa
Nome do editor Plátano
Data de publicação 2005
215 ## - Descrição física 
Paginação / Volumes 463 p.
Outras indicações físicas brochado
Dimensões 24 cm
606 ## - Nome comum usado como assunto
ID Autoridade 3573
Palavra de ordem Contabilidade
675 ## - CDU
Notação 657
Edição PT
Língua por
700 ## - Autor principal (pessoa individual)
ID Autoridade 16406
Apelido Gonçalves
Nome Manuel Alberto
801 ## - Fonte de origem
País PT
Agência BMMN
Regras de catalogação RPC
830 ## - Notas gerais do catalogador
Criado por Vanda
990 ## - Elementos KOHA
Tipo de documento Livro
Exemplares
Situação do levantamento Biblioteca de origem Código de barras Cota Permissão de empréstimo Tipo de documento Forma de aquisição
  Biblioteca Municipal de Montemor-o-Novo 29825 657 GON|DEP   Livro Compra

Powered by Koha